Lenguaje y comunicación 4º Básico: texto para el estudiante
Sparad:
| Huvudupphovsmän: | , |
|---|---|
| Materialtyp: | Bok |
| Språk: | spanska |
| Publicerad: |
Santiago
LOM
2005
|
| Upplaga: | 1a. ed |
| Ämnen: | |
| Taggar: |
Lägg till en tagg
Inga taggar, Lägg till första taggen!
|
MARC
| LEADER | 00000nam a2200000 a 4500 | ||
|---|---|---|---|
| 001 | UCK7880 | ||
| 003 | CL-VaPUC | ||
| 008 | 051230e20050000CL |||||||||||||||||spa|d | ||
| 020 | |a 9562827046 | ||
| 082 | 0 | 4 | |a 372.6 |b MUÑ |2 21 |
| 100 | |a Muñoz Chereau, Bernardita |e autora |9 497568 | ||
| 700 | 0 | |a Bello Chauriye, Javier |e author |9 497569 | |
| 245 | 1 | 0 | |a Lenguaje y comunicación 4º Básico: texto para el estudiante |
| 250 | |a 1a. ed | ||
| 300 | |a 158 p | ||
| 942 | |c BK | ||
| 945 | |d 20051230 00:00:00 |a cmena | ||
| 260 | |a Santiago |b LOM |c 2005 | ||
| 650 | 0 | |a Educación básica |9 224933 | |
| 650 | 0 | |a Educación lingüística |9 306506 | |
| 650 | 0 | |a Métodos de enseñanza |9 270413 | |
| 650 | 0 | |a Libros de texto |9 270019 | |
| 650 | 0 | |a Enseñanza de la lectura |9 308364 | |
| 650 | 0 | |a Enseñanza de la escritura |9 307377 | |
| 583 | |a last modification |c 20171004 12:17:25 |k Rodrigo Vera | ||
| 999 | |c 315718 |d 315716 | ||
| 952 | |0 0 |1 0 |4 0 |6 372_600000000000000_MUÑ_2005 |7 0 |8 A |9 389367 |a BIBEDU |b BIBEDU |d 2019-11-22 |i 4195078 |o 372.6 MUÑ 2005 |p 4195078 |r 2019-11-22 |w 2019-11-22 |y BK |k EBA | ||